000
00304nam a2200121Ia 4500
008
190216s9999||||xx |||||||||||||| ||und||
100
_a
William A Chance
245
0
_a
Statistical Methods For Decision Making
260
_b
Richard D Irwin Inc
_c
1969
300
_a
442p
650
_a
Statistics
942
_c
BK
999
_c
4221
_d
4221